[Event "Lignano Bella Italia op 2nd"]
[Site "Lignano Sabbiadoro"]
[Date "2023.08.18"]
[Round "2"]
[White "Kovacevic, Blazimir"]
[Black "Li, Guohao"]
[Result "1-0"]
[WhiteElo "2415"]
[BlackElo "2042"]
[PlyCount "91"]
[EventDate "2023.08.17"]
[EventType "swiss"]
[EventRounds "9"]
[EventCountry "ITA"]
[SourceTitle "EXT 2024"]
[Source "ChessBase"]
[SourceDate "2023.10.10"]
[SourceVersion "1"]
[SourceVersionDate "2023.10.10"]
[SourceQuality "1"]

1. c4 e5 2. Nc3 Bb4 3. g3 Nc6 4. Nd5 Bc5 5. Bg2 Nf6 6. e3 0-0 7. Ne2 Nxd5 8. cxd5 Ne7 9. 0-0 d6 10. d4 exd4 11. Nxd4 Bd7 12. b3 Qc8 13. Bb2 Bh3 14. Bxh3 Qxh3 15. Qf3 Rfe8 16. Rfd1 Ng6 17. Qf5 Qxf5 18. Nxf5 Ne5 19. Kg2 g6 20. Nd4 Re7 21. Rac1 Bb6 22. h3 a6 23. Ne2 Nd7 24. g4 h6 25. Rc2 a5 26. Nf4 a4 27. b4 a3 28. Bd4 Bxd4 29. Rxd4 Nb6 30. Kf3 Kf8 31. Ne2 Rc8 32. e4 f5 33. exf5 gxf5 34. Nf4 fxg4+ 35. hxg4 Ke8 36. Ng2 Kd7 37. Ne3 Rf8+ 38. Kg3 Ref7 39. f4 Na4 40. Rdc4 Kd8 41. Re4 b5 42. f5 Rf6 43. Re6 Rxe6 44. dxe6 Nb6 45. Rc3 Ke7 46. Rxc7+ 1-0

[Event "Lignano Bella Italia op 2nd"]
[Site "Lignano Sabbiadoro"]
[Date "2023.08.18"]
[Round "3"]
[White "Kovacevic, Blazimir"]
[Black "Musso, Alessio"]
[Result "1-0"]
[WhiteElo "2415"]
[BlackElo "2176"]
[PlyCount "161"]
[EventDate "2023.08.17"]
[EventType "swiss"]
[EventRounds "9"]
[EventCountry "ITA"]
[SourceTitle "EXT 2024"]
[Source "ChessBase"]
[SourceDate "2023.10.10"]
[SourceVersion "1"]
[SourceVersionDate "2023.10.10"]
[SourceQuality "1"]

1. Nf3 d5 2. e3 Nf6 3. c4 g6 4. cxd5 Nxd5 5. d4 Bg7 6. Be2 0-0 7. e4 Nf6 8. Nc3 b6 9. 0-0 Bb7 10. Qc2 Nbd7 11. Rd1 Rc8 12. h3 c5 13. d5 Qc7 14. Bg5 a6 15. a4 Rfe8 16. Bh4 Qb8 17. Bg3 Qa8 18. Bc4 Nf8 19. e5 N6d7 20. Qe2 Rcd8 21. Ne1 e6 22. d6 Nb8 23. Nb5 Rd7 24. Nc7 Rxc7 25. dxc7 Nc6 26. Nc2 g5 27. Ra3 Ng6 28. Re3 Qc8 29. Bd3 Qxc7 30. Bxg6 hxg6 31. Red3 Nxe5 32. Rd7 Qxd7 33. Rxd7 Nxd7 34. Qd3 Bc6 35. b3 b5 36. a5 e5 37. Ne3 e4 38. Qd6 Re6 39. Qc7 f5 40. Bd6 Be5 41. Qc8+ Kf7 42. Bxe5 Nxe5 43. Qxa6 f4 44. Nc2 Nd3 45. Qa7+ Re7 46. Qb6 Bd5 47. a6 e3 48. fxe3 fxe3 49. Qxb5 Nf4 50. Qxc5 e2 51. Ne1 Bxg2 52. Kf2 Ba8 53. Qc8 Re8 54. Qc7+ Re7 55. Qc3 Be4 56. b4 Nd3+ 57. Nxd3 Bxd3 58. a7 e1Q+ 59. Qxe1 Rxe1 60. a8Q Re5 61. Qa7+ Kf6 62. Qb6+ Kf5 63. Qc7 Ke6 64. Qc6+ Ke7 65. Qc3 Rd5 66. Ke3 Bf5 67. Qc7+ Ke6 68. b5 Rd3+ 69. Ke2 Rd7 70. Qc4+ Ke7 71. Qc5+ Kd8 72. b6 Re7+ 73. Kf2 Rf7 74. Kg3 Re7 75. Qd5+ Rd7 76. Qa8+ Ke7 77. b7 Rd3+ 78. Kf2 Be4 79. Qa7 Bxb7 80. Qxb7+ Rd7 81. Qb5 1-0

[Event "CRO Cup"]
[Site "Mali Losinj"]
[Date "2023.05.12"]
[Round "4.4"]
[White "Kovacevic, Blazimir"]
[Black "Vojak, Daniel"]
[Result "1-0"]
[WhiteElo "2413"]
[BlackElo "2332"]
[PlyCount "65"]
[EventDate "2023.05.10"]
[EventType "team-swiss"]
[EventRounds "6"]
[EventCountry "CRO"]
[SourceTitle "CBM 214 Extra"]
[Source "ChessBase"]
[SourceDate "2023.07.31"]
[SourceVersion "1"]
[SourceVersionDate "2023.07.31"]
[SourceQuality "1"]
[WhiteTeam "Petar Sedlar CC"]
[BlackTeam "Sveta Nedelja"]
[WhiteTeamCountry "CRO"]
[BlackTeamCountry "CRO"]

1. Nf3 d5 2. e3 Nf6 3. c4 e6 4. b3 Be7 5. Bb2 Nbd7 6. Nc3 0-0 7. d4 b6 8. cxd5 exd5 9. Bd3 Bb7 10. 0-0 a6 11. Rc1 Bd6 12. Ne2 Re8 13. Ng3 g6 14. Qc2 Rc8 15. Qe2 Qe7 16. Rc2 Ra8 17. Rfc1 Ng4 18. Nf1 f6 19. h3 Nh6 20. N3h2 Nf7 21. f4 Nf8 22. Qf2 Kg7 23. Nf3 Qd7 24. g4 Ne6 25. Ng3 Re7 26. h4 Nxf4 27. exf4 Qxg4 28. Kh1 Bxf4 29. Nf5+ Kh8 30. Nxe7 Re8 31. Rxc7 Bxc7 32. Rxc7 Nd6 33. Qg2 1-0

[Event "Bosnjaci op 27th"]
[Site "Bosnjaci"]
[Date "2023.01.09"]
[Round "9"]
[White "Muratovic, Efim"]
[Black "Kovacevic, Blazimir"]
[Result "1/2-1/2"]
[WhiteElo "2300"]
[BlackElo "2409"]
[PlyCount "20"]
[EventDate "2023.01.03"]
[EventType "swiss"]
[EventRounds "9"]
[EventCountry "CRO"]
[SourceTitle "CBM 212 Extra"]
[Source "ChessBase"]
[SourceDate "2023.03.31"]
[SourceVersion "1"]
[SourceVersionDate "2023.03.31"]
[SourceQuality "1"]

1. Nf3 Nf6 2. d4 e6 3. c4 d5 4. cxd5 exd5 5. Nc3 c6 6. Bg5 Be7 7. e3 Bf5 8. Bd3 Bxd3 9. Qxd3 Nbd7 10. 0-0 0-0 1/2-1/2

[Event "Bosnjaci op 27th"]
[Site "Bosnjaci"]
[Date "2023.01.07"]
[Round "7"]
[White "Kovacevic, Blazimir"]
[Black "Culum, Sanjin"]
[Result "1-0"]
[WhiteElo "2409"]
[BlackElo "2242"]
[PlyCount "151"]
[EventDate "2023.01.03"]
[EventType "swiss"]
[EventRounds "9"]
[EventCountry "CRO"]
[SourceTitle "CBM 212 Extra"]
[Source "ChessBase"]
[SourceDate "2023.03.31"]
[SourceVersion "1"]
[SourceVersionDate "2023.03.31"]
[SourceQuality "1"]

1. Nf3 Nf6 2. c4 e6 3. Nc3 d5 4. d4 Bb4 5. Qa4+ Nc6 6. e3 0-0 7. Bd2 dxc4 8. Bxc4 Bd6 9. Nb5 e5 10. Nxd6 cxd6 11. dxe5 dxe5 12. Bc3 Qe7 13. Bb5 Bd7 14. Qh4 e4 15. Bxc6 Bxc6 16. Nd4 Bd7 17. Ne2 Rfc8 18. Bxf6 gxf6 19. Nc3 Rxc3 20. bxc3 Bb5 21. Rd1 Bd3 22. f3 Qc5 23. Kf2 Qxc3 24. Rhe1 Kh8 25. Kg1 Rg8 26. f4 Qc6 27. Rc1 Qe6 28. Rc7 Rg6 29. Qf2 Qd5 30. Qb2 Ba6 31. Rec1 Kg7 32. Qb3 Qxb3 33. axb3 f5 34. Rd7 Rb6 35. Rc3 Bb5 36. Rd5 Kg6 37. Kf2 Bc6 38. Rd6+ Kg7 39. Kg3 Ra6 40. Rd2 Ra3 41. Rdc2 a5 42. b4 Ra4 43. bxa5 Rxa5 44. Rc5 Ra3 45. R2c3 Rxc3 46. Rxc3 Kg6 47. Kh4 h6 48. Ra3 Bd5 49. Ra5 Bc6 50. Ra8 h5 51. Rg8+ Kh7 52. Rd8 Kg6 53. Rd6+ f6 54. Rd8 Kh6 55. Kg3 Kg6 56. Kf2 Bb5 57. Ke1 Bc4 58. Kd2 h4 59. Rh8 Bf1 60. Ke1 Kg7 61. Rxh4 Bxg2 62. Rh5 Kg6 63. Rh8 Bf3 64. Rb8 Bg4 65. Rxb7 Bf3 66. Kd2 Bg4 67. Rb8 Kg7 68. Rb1 Kh6 69. Rg1 Bh5 70. Kc3 Bg6 71. Kd4 Kg7 72. Kd5 Kf7 73. Rxg6 Kxg6 74. Ke6 Kh5 75. Kxf5 Kh4 76. Kxe4 1-0

[Event "SLO-chT 32nd"]
[Site "Ljubljana"]
[Date "2022.10.29"]
[Round "8.2"]
[White "Kovacevic, Blazimir"]
[Black "Furlan, Miha"]
[Result "1/2-1/2"]
[WhiteElo "2405"]
[BlackElo "2345"]
[PlyCount "85"]
[EventDate "2022.09.02"]
[EventType "team-tourn"]
[EventRounds "9"]
[EventCountry "SLO"]
[SourceTitle "EXT 2024"]
[Source "ChessBase"]
[SourceDate "2023.10.10"]
[SourceVersion "1"]
[SourceVersionDate "2023.10.10"]
[SourceQuality "1"]
[WhiteTeam "Krsko Triglav"]
[BlackTeam "Trebnje BMP"]
[WhiteTeamCountry "SLO"]
[BlackTeamCountry "SLO"]

1. Nf3 f5 2. d4 Nf6 3. c4 g6 4. e3 Bg7 5. b4 c6 6. a4 0-0 7. Qb3 d6 8. Bb2 h6 9. Be2 Be6 10. Nc3 Nbd7 11. a5 Bf7 12. b5 c5 13. d5 Qc7 14. 0-0 Rad8 15. Nd2 Qc8 16. a6 b6 17. f4 Rfe8 18. Bf3 Nf8 19. e4 e5 20. g3 exf4 21. gxf4 N8h7 22. Rae1 fxe4 23. Ncxe4 Qh3 24. Ng3 Rxe1 25. Rxe1 Re8 26. Rxe8+ Bxe8 27. Qe3 Qd7 28. Bc3 Bf7 29. Kg2 Ne8 30. Bxg7 Kxg7 31. Nde4 Kg8 32. Qe2 Qe7 33. f5 Qe5 34. Bg4 Kg7 35. fxg6 Bxg6 36. Nf2 Qxe2 37. Nxe2 Nef6 38. Nf4 Nf8 39. Kf3 Bc2 40. Ke3 Kf7 41. Kd2 Bh7 42. Be2 Ne4+ 43. Nxe4 1/2-1/2

[Event "SLO-chT 32nd"]
[Site "Ljubljana"]
[Date "2022.09.11"]
[Round "6.3"]
[White "Kovacevic, Blazimir"]
[Black "Tratar, Marko"]
[Result "1/2-1/2"]
[WhiteElo "2405"]
[BlackElo "2409"]
[PlyCount "93"]
[EventDate "2022.09.02"]
[EventType "team-tourn"]
[EventRounds "9"]
[EventCountry "SLO"]
[SourceTitle "EXT 2023"]
[Source "ChessBase"]
[SourceDate "2022.10.05"]
[SourceVersion "1"]
[SourceVersionDate "2022.10.05"]
[SourceQuality "1"]
[WhiteTeam "Krsko Triglav"]
[BlackTeam "Maribor Branik"]
[WhiteTeamCountry "SLO"]
[BlackTeamCountry "SLO"]

1. c4 e5 2. g3 Nc6 3. Bg2 Bc5 4. Nc3 d6 5. Na4 Nge7 6. Nf3 a6 7. Nxc5 dxc5 8. d3 f6 9. Nd2 0-0 10. Ne4 b6 11. a3 a5 12. Bd2 Bd7 13. Rb1 Ra6 14. b3 Nd4 15. 0-0 Qc8 16. e3 Ndc6 17. b4 axb4 18. axb4 Nxb4 19. Bxb4 cxb4 20. Rxb4 Bh3 21. Bxh3 Qxh3 22. Ra4 Rxa4 23. Qxa4 Rd8 24. c5 Qd7 25. Qc4+ Qd5 26. cxb6 Qxc4 27. dxc4 cxb6 28. Rb1 Nc8 29. Kf1 Rd7 30. Ke2 Kf7 31. Nc3 Ra7 32. Rb2 h5 33. Nd5 Ra4 34. Kd3 Ra3+ 35. Ke2 Ra4 36. Kd3 Ra3+ 37. Kc2 Ra4 38. Kb3 Ra1 39. Kb4 Ke6 40. Nc7+ Kd7 41. Nb5 g5 42. Rd2+ Ke7 43. Nc3 g4 44. Nd5+ Kf7 45. Nc3 Ke7 46. Nd5+ Kf7 47. Nc3 1/2-1/2

[Event "CRO Cup"]
[Site "Vodice"]
[Date "2022.05.20"]
[Round "4.2"]
[White "Kovacevic, Blazimir"]
[Black "Vujakovic, Branko"]
[Result "1/2-1/2"]
[WhiteElo "2401"]
[BlackElo "2292"]
[PlyCount "61"]
[EventDate "2022.05.18"]
[EventType "team-swiss"]
[EventRounds "6"]
[EventCountry "CRO"]
[SourceTitle "CBM 208 Extra"]
[Source "ChessBase"]
[SourceDate "2022.07.31"]
[SourceVersion "1"]
[SourceVersionDate "2022.07.31"]
[SourceQuality "1"]
[WhiteTeam "Kastel Novi Sedlar"]
[BlackTeam "Zagreb Mladost"]
[WhiteTeamCountry "CRO"]
[BlackTeamCountry "CRO"]

1. Nf3 Nf6 2. c4 g6 3. b3 Bg7 4. Bb2 0-0 5. g3 c5 6. Bg2 d5 7. cxd5 Qxd5 8. Nc3 Qf5 9. Na4 Nbd7 10. d4 cxd4 11. Nxd4 Qa5+ 12. Bc3 Qa6 13. 0-0 e5 14. Nc2 Rb8 15. Bb4 Re8 16. Bd6 Ra8 17. Nb4 Qa5 18. Rc1 e4 19. a3 Qh5 20. e3 Qf5 21. Nc2 Ne5 22. Nd4 Qd7 23. Bxe5 Rxe5 24. Rc5 Qe8 25. Qc2 Bf8 26. Rxe5 Qxe5 27. Nc3 Bxa3 28. Nxe4 Nxe4 29. Qxe4 Qxe4 30. Bxe4 a6 31. Kg2 1/2-1/2

[Event "CRO Cup"]
[Site "Vodice"]
[Date "2022.05.19"]
[Round "3.2"]
[White "Palac, Mladen"]
[Black "Kovacevic, Blazimir"]
[Result "1/2-1/2"]
[WhiteElo "2505"]
[BlackElo "2401"]
[PlyCount "53"]
[EventDate "2022.05.18"]
[EventType "team-swiss"]
[EventRounds "6"]
[EventCountry "CRO"]
[SourceTitle "CBM 208 Extra"]
[Source "ChessBase"]
[SourceDate "2022.07.31"]
[SourceVersion "1"]
[SourceVersionDate "2022.07.31"]
[SourceQuality "1"]
[WhiteTeam "Zagreb Zagreb"]
[BlackTeam "Kastel Novi Sedlar"]
[WhiteTeamCountry "CRO"]
[BlackTeamCountry "CRO"]

1. e4 Nf6 2. e5 Nd5 3. d4 d6 4. Nf3 dxe5 5. Nxe5 g6 6. Bc4 c6 7. 0-0 Bg7 8. Re1 0-0 9. c3 Be6 10. Bb3 Nd7 11. Nf3 Bg4 12. Nbd2 e5 13. h3 Bxf3 14. Nxf3 exd4 15. Bxd5 cxd5 16. Nxd4 Ne5 17. Bf4 Nc6 18. Be3 Re8 19. Qd2 Ne5 20. b3 Qa5 21. Red1 Nc6 22. Ne2 Rad8 23. Rac1 Rd7 24. Qb2 Ne7 25. Nd4 Nc6 26. Ne2 Ne7 27. Nd4 1/2-1/2

[Event "CRO-ch"]
[Site "Rijeka"]
[Date "2021.12.05"]
[Round "6"]
[White "Fercec, Nenad"]
[Black "Kovacevic, Blazimir"]
[Result "1/2-1/2"]
[WhiteElo "2415"]
[BlackElo "2399"]
[PlyCount "43"]
[EventDate "2021.11.30"]
[EventType "tourn"]
[EventRounds "11"]
[EventCountry "CRO"]
[EventCategory "11"]
[SourceTitle "EXT 2023"]
[Source "ChessBase"]
[SourceDate "2022.10.05"]
[SourceVersion "1"]
[SourceVersionDate "2022.10.05"]
[SourceQuality "1"]

1. e4 d5 2. exd5 Qxd5 3. Nc3 Qa5 4. d4 Nf6 5. Nf3 c6 6. Bc4 Bf5 7. Bd2 e6 8. Ne4 Qc7 9. Nxf6+ gxf6 10. Qe2 Nd7 11. 0-0-0 0-0-0 12. Nh4 Bg6 13. Bb3 Bd6 14. g3 Rhe8 15. Nxg6 hxg6 16. h4 f5 17. h5 gxh5 18. Bg5 Be7 19. Bf4 Bd6 20. Bg5 Be7 21. Bf4 Bd6 22. Bg5 1/2-1/2

[Event "CRO-ch"]
[Site "Rijeka"]
[Date "2021.12.03"]
[Round "4"]
[White "Saric, Ante"]
[Black "Kovacevic, Blazimir"]
[Result "1-0"]
[WhiteElo "2536"]
[BlackElo "2399"]
[PlyCount "95"]
[EventDate "2021.11.30"]
[EventType "tourn"]
[EventRounds "11"]
[EventCountry "CRO"]
[EventCategory "11"]
[SourceTitle "EXT 2023"]
[Source "ChessBase"]
[SourceDate "2022.10.05"]
[SourceVersion "1"]
[SourceVersionDate "2022.10.05"]
[SourceQuality "1"]

1. Nf3 Nf6 2. d4 e6 3. c4 b6 4. g3 Bb4+ 5. Nbd2 Bb7 6. Bg2 0-0 7. 0-0 a5 8. Qc2 Bxd2 9. Bxd2 Be4 10. Qc3 d6 11. Bg5 Nbd7 12. Rad1 h6 13. Bxf6 Nxf6 14. Ne1 Bxg2 15. Nxg2 c6 16. Nf4 Qe7 17. Qc2 c5 18. e4 Rfd8 19. d5 e5 20. Ne2 Ne8 21. Nc3 Nc7 22. f4 f6 23. Rde1 a4 24. b3 a3 25. Rb1 Rdb8 26. Qd3 Qe8 27. b4 cxb4 28. Rxb4 Na6 29. Rbb1 Nc5 30. Qe3 Qe7 31. f5 Ra6 32. Rfc1 Rc8 33. Nb5 Ra4 34. Rc3 Rca8 35. Kg2 Qd7 36. Kf3 R8a5 37. g4 Rxc4 38. Rxc4 Rxb5 39. Rcb4 Rxb4 40. Rxb4 Qa7 41. Qe2 b5 42. Qxb5 Kh7 43. Qb6 Qa8 44. Ke3 Na4 45. Qc7 Nc5 46. Qxd6 Na6 47. Rb3 Qa7+ 48. Qb6 1-0

[Event "CRO-chT1A 29th"]
[Site "Mali Losinj"]
[Date "2021.10.02"]
[Round "8.1"]
[White "Kovacevic, Blazimir"]
[Black "Galic, Ivan"]
[Result "1-0"]
[WhiteElo "2396"]
[BlackElo "2428"]
[PlyCount "69"]
[EventDate "2021.09.25"]
[EventType "team-tourn"]
[EventRounds "9"]
[EventCountry "CRO"]
[SourceTitle "CBM 204 Extra"]
[Source "ChessBase"]
[SourceDate "2021.11.30"]
[SourceVersion "1"]
[SourceVersionDate "2021.11.30"]
[SourceQuality "1"]
[WhiteTeam "Kastel Novi"]
[BlackTeam "Sesvete Agroproteinka"]
[WhiteTeamCountry "CRO"]
[BlackTeamCountry "CRO"]

1. Nf3 Nf6 2. g3 g6 3. c4 c6 4. b3 Bg7 5. Bb2 d5 6. Bg2 0-0 7. 0-0 a5 8. Nc3 a4 9. Nxa4 b5 10. cxb5 cxb5 11. Nc5 Nc6 12. Ne5 Qd6 13. Nxc6 Qxc5 14. Ne5 b4 15. Qb1 Bf5 16. d3 d4 17. Nc6 Nd7 18. Qe1 Rab8 19. a3 Rb6 20. axb4 Qd6 21. b5 Rxb5 22. Ba3 Nc5 23. Rc1 Bd7 24. Na7 Nxd3 25. Bxd6 Nxe1 26. Bxe7 Re8 27. Rfxe1 Ra5 28. Bc5 d3 29. b4 Rxa7 30. Bxa7 d2 31. Be3 dxe1Q+ 32. Rxe1 Bc3 33. Rb1 Bf5 34. Rb3 Rd8 35. Rxc3 1-0

[Event "CRO-chT1A 29th"]
[Site "Mali Losinj"]
[Date "2021.09.29"]
[Round "5.4"]
[White "Kovacevic, Blazimir"]
[Black "Zivkovic, Vjekoslav"]
[Result "1/2-1/2"]
[WhiteElo "2396"]
[BlackElo "2366"]
[PlyCount "40"]
[EventDate "2021.09.25"]
[EventType "team-tourn"]
[EventRounds "9"]
[EventCountry "CRO"]
[SourceTitle "CBM 204 Extra"]
[Source "ChessBase"]
[SourceDate "2021.11.30"]
[SourceVersion "1"]
[SourceVersionDate "2021.11.30"]
[SourceQuality "1"]
[WhiteTeam "Kastel Novi"]
[BlackTeam "Osijek Ferit"]
[WhiteTeamCountry "CRO"]
[BlackTeamCountry "CRO"]

1. c4 g6 2. Nc3 d6 3. g3 c5 4. Bg2 Bg7 5. e3 Nc6 6. Nge2 e5 7. d3 Nge7 8. 0-0 0-0 9. a3 a5 10. Rb1 Be6 11. Nd5 Bg4 12. h3 Bd7 13. Nec3 Nxd5 14. Nxd5 Rb8 15. b4 axb4 16. axb4 Nxb4 17. Nxb4 cxb4 18. Rxb4 b5 19. Qb3 bxc4 20. dxc4 Qc7 1/2-1/2

[Event "CRO-chT1A 29th"]
[Site "Mali Losinj"]
[Date "2021.09.27"]
[Round "3.3"]
[White "Kovacevic, Blazimir"]
[Black "Stevic, Hrvoje"]
[Result "1/2-1/2"]
[WhiteElo "2396"]
[BlackElo "2577"]
[PlyCount "31"]
[EventDate "2021.09.25"]
[EventType "team-tourn"]
[EventRounds "9"]
[EventCountry "CRO"]
[SourceTitle "CBM 204 Extra"]
[Source "ChessBase"]
[SourceDate "2021.11.30"]
[SourceVersion "1"]
[SourceVersionDate "2021.11.30"]
[SourceQuality "1"]
[WhiteTeam "Kastel Novi"]
[BlackTeam "Zagreb Zagreb"]
[WhiteTeamCountry "CRO"]
[BlackTeamCountry "CRO"]

1. d4 d5 2. Nf3 Nf6 3. g3 Bf5 4. Bg2 c6 5. c4 e6 6. Nc3 h6 7. Qb3 Qb6 8. c5 Qxb3 9. axb3 a6 10. b4 Be7 11. b5 cxb5 12. Nxb5 0-0 13. Nc7 Ra7 14. Nb5 Ra8 15. Nc7 Ra7 16. Nb5 1/2-1/2

[Event "Solta op 4th"]
[Site "Grohote"]
[Date "2021.08.15"]
[Round "9"]
[White "Kovacevic, Blazimir"]
[Black "Cupic, Lovro"]
[Result "1-0"]
[WhiteElo "2391"]
[BlackElo "2271"]
[PlyCount "85"]
[EventDate "2021.08.08"]
[EventType "swiss"]
[EventRounds "9"]
[EventCountry "CRO"]
[SourceTitle "CBM 203 Extra"]
[Source "ChessBase"]
[SourceDate "2021.09.30"]
[SourceVersion "1"]
[SourceVersionDate "2021.09.30"]
[SourceQuality "1"]

1. Nf3 c5 2. g3 Nc6 3. d4 cxd4 4. Nxd4 e5 5. Nb5 d6 6. Bg2 Be6 7. N1c3 a6 8. Na3 Nge7 9. e4 b5 10. Nd5 Bxd5 11. exd5 Na5 12. c3 Nc8 13. Nc2 Be7 14. Nb4 0-0 15. a4 Qc7 16. axb5 axb5 17. 0-0 Nb6 18. Re1 Na4 19. Bf1 Nb3 20. Ra3 Nxc1 21. Qxc1 Qc5 22. Rb3 Bd8 23. Qc2 f5 24. Rd1 Nb6 25. Nc6 Nc4 26. Rb4 f4 27. g4 Bb6 28. Bd3 Ne3 29. fxe3 Qxe3+ 30. Kg2 f3+ 31. Kh1 f2 32. Bf1 Qf3+ 33. Bg2 Qe3 34. Ne7+ Kh8 35. Nf5 Qe1+ 36. Bf1 g6 37. Re4 Ra1 38. Rxa1 Qxa1 39. Ng3 Rf4 40. Kg2 Qa8 41. Qd3 Rf7 42. Qxb5 Bc5 43. Qd3 1-0

[Event "Solta op 4th"]
[Site "Grohote"]
[Date "2021.08.14"]
[Round "8"]
[White "Levacic, Patrick"]
[Black "Kovacevic, Blazimir"]
[Result "0-1"]
[WhiteElo "2223"]
[BlackElo "2391"]
[PlyCount "61"]
[EventDate "2021.08.08"]
[EventType "swiss"]
[EventRounds "9"]
[EventCountry "CRO"]
[SourceTitle "CBM 203 Extra"]
[Source "ChessBase"]
[SourceDate "2021.09.30"]
[SourceVersion "1"]
[SourceVersionDate "2021.09.30"]
[SourceQuality "1"]

1. e4 g6 2. d4 Bg7 3. Nc3 c6 4. Nf3 d5 5. h3 Nf6 6. Bd3 dxe4 7. Nxe4 Nxe4 8. Bxe4 0-0 9. 0-0 Nd7 10. c3 c5 11. Bg5 h6 12. Bh4 cxd4 13. Nxd4 Qb6 14. Qd2 Nc5 15. Bf3 e5 16. b4 Na4 17. Ne2 Be6 18. Qc2 Qb5 19. Rfe1 Bf5 20. Qb3 Bd3 21. Bd5 Nb6 22. Bxb7 Bxe2 23. Bxa8 Rxa8 24. a4 Qc4 25. Qxc4 Bxc4 26. f3 f5 27. Bf2 Nd5 28. Ra3 a6 29. g3 Kf7 30. Bc5 Ke6 31. Kf2 0-1

[Event "Solta op 4th"]
[Site "Grohote"]
[Date "2021.08.12"]
[Round "6"]
[White "Ek, Alexandre"]
[Black "Kovacevic, Blazimir"]
[Result "0-1"]
[WhiteElo "2171"]
[BlackElo "2391"]
[PlyCount "88"]
[EventDate "2021.08.08"]
[EventType "swiss"]
[EventRounds "9"]
[EventCountry "CRO"]
[SourceTitle "CBM 203 Extra"]
[Source "ChessBase"]
[SourceDate "2021.09.30"]
[SourceVersion "1"]
[SourceVersionDate "2021.09.30"]
[SourceQuality "1"]

1. e4 g6 2. d4 Bg7 3. Nf3 d6 4. Nc3 a6 5. a4 Nf6 6. Bg5 0-0 7. Be2 Bg4 8. h3 Bxf3 9. Bxf3 Nc6 10. 0-0 e5 11. dxe5 Nxe5 12. Be2 Re8 13. f4 Ned7 14. Bf3 Qb8 15. Qd2 Nc5 16. Rae1 h6 17. Bh4 Nh7 18. Kh1 Ne6 19. f5 Neg5 20. fxg6 fxg6 21. Be2 Kh8 22. Bf2 Qd8 23. Bd4 Bxd4 24. Qxd4+ Re5 25. Bc4 Qd7 26. h4 Ne6 27. Bxe6 Qxe6 28. Nd5 Qd7 29. Nf4 Qg7 30. g4 Nf8 31. Nd3 Re7 32. Qxg7+ Kxg7 33. e5 d5 34. Rf2 Nd7 35. Ref1 Rf8 36. Rxf8 Nxf8 37. h5 g5 38. b4 Nd7 39. Rf5 b6 40. Kg2 c5 41. bxc5 bxc5 42. e6 Rxe6 43. Rxd5 Nf6 44. Kf3 Nxd5 0-1